[Event "Michigan Amateur"]
[Site "Kalamazoo, MI"]
[Date "2001.07.29"]
[Round "5.2"]
[White "Semerciyan, Mike"]
[Black "Evans Sr., Thomas"]
[Result "1-0"]
[WhiteElo "1818"]
[BlackElo "1847"]
[Annotator "Jeff Aldrich"]
[PlyCount "151"]
[EventDate "2001.07.28"]

{English: Agincourt (King's Knight)} 1. Nf3 d5 2. c4 e6 3. e3 Nf6 4. d4 Bb4+ 5.
Bd2 Bxd2+ 6. Nbxd2 Nc6 {This does not seem like the right square for this
knight. An eventual Nbd7 to support a c5 push would be preferable. Castling
now and then figuring out what to do with the knight later seems like the
better idea.} 7. cxd5 exd5 8. a3 O-O 9. Qc2 Re8 10. Bd3 Bd7 11. Rc1 Rc8 12. O-O
Qe7 13. Nb3 Ne4 14. Nc5 Nxc5 15. dxc5 g6 16. b4 Ne5 17. Nxe5 Qxe5 18. b5 c6 19.
a4 Rc7 20. Qc3 Qxc3 21. Rxc3 cxb5 $6 {The big problem with this is that it
isolates the d-pawn. White's extra space on the queen-side is a definite
advantage.} 22. axb5 Rec8 23. Rfc1 Kf8 24. Kf1 Ke7 25. Ke2 f5 {Got to keep the
king coming. This makes for a really bad bishop.} 26. g3 Kf6 27. h4 h6 28. Kd2
g5 29. hxg5+ hxg5 30. R1c2 Ke5 31. f4+ Kf6 32. Kc1 g4 {Now that the king-side
pawns are fixed, the game will come down to play on the queen-side.} 33. Kb2
Re8 34. Bf1 Re6 $2 {The isolate d-pawn comes back to haunt black as there is
no way to protect it.} 35. Rd2 Be8 36. Rxd5 Rce7 37. Rd6 Rxd6 38. cxd6 Rd7 39.
Rc7 Ke6 40. b6 a6 41. Rxd7 Bxd7 {DIAGRAM} 42. Bxa6 $1 Kxd6 43. Bxb7 Kc5 44. Ba8
Kxb6 45. Kc3 Kc5 {The queen-side has been just enough of a distraction for
black. White now creates a passed pawn and proceeds to push black back.} 46. e4
Be6 47. exf5 Bxf5 48. Bg2 Bg6 49. Bf1 Kd5 50. Bc4+ Kc5 51. Be6 Bh5 52. f5 Kd6
53. Kd4 Be8 54. Ke4 Bc6+ 55. Kf4 Bf3 56. Bc4 Ke7 57. Ke5 Bd1 58. f6+ Kf8 59.
Kf4 Ke8 60. Be6 Kf8 61. Bxg4 Bb3 62. Ke5 Kf7 63. Bh5+ Kf8 64. Bg6 Bg8 65. g4
Bb3 66. g5 Ba2 67. Be4 Bg8 68. g6 Bf7 69. g7+ Kg8 70. Bd5 Bxd5 71. Kxd5 Kh7 72.
Ke6 Kg8 73. Ke7 Kh7 74. Kf7 Kh6 75. g8=Q Kh5 76. Qg3 1-0

[Event "Michigan Amateur"]
[Site "Kalamazoo, MI"]
[Date "2001.07.29"]
[Round "4.4"]
[White "Ryan, Mark"]
[Black "Grzegorczyk, Ron"]
[Result "1/2-1/2"]
[WhiteElo "1473"]
[BlackElo "1521"]
[PlyCount "60"]
[EventDate "2001.07.28"]

1. d4 d5 2. c4 c6 3. cxd5 cxd5 4. Nf3 Nc6 5. Bf4 e6 6. Nc3 a6 7. e3 Bd6 8. Bxd6
Qxd6 9. a3 Nf6 10. Bd3 O-O 11. h3 Re8 12. O-O e5 13. dxe5 Nxe5 14. Nxe5 Rxe5
15. Qf3 Bd7 16. Rad1 Bc6 17. Qg3 Qe7 18. Be2 Ne4 19. Nxe4 dxe4 20. Rd4 Rg5 21.
Qd6 Qxd6 22. Rxd6 Rc5 23. Rfd1 g6 24. b3 Rc8 25. Bc4 Kg7 26. R1d4 Rc7 27. b4
Re5 28. Bd5 Bxd5 29. R4xd5 Rxd5 30. Rxd5 Re7 1/2-1/2

[Event "Michigan Amateur"]
[Site "Kalamazoo, MI"]
[Date "2001.07.29"]
[Round "4.17"]
[White "Robertson, John"]
[Black "Feller, Brad"]
[Result "0-1"]
[WhiteElo "1457"]
[BlackElo "1162"]
[PlyCount "72"]
[EventDate "2001.07.28"]

1. e4 c5 2. Nf3 d6 3. d4 Bg4 4. dxc5 Bxf3 5. Qxf3 Qa5+ 6. Nc3 dxc5 7. Bc4 e6 8.
O-O a6 9. Bf4 Nc6 10. Rad1 Nd4 11. Qh3 b5 12. Rxd4 cxd4 13. Bxe6 fxe6 14. Qxe6+
Ne7 15. Nd5 Ra7 16. Bd6 Rd7 17. Bxe7 Bxe7 18. Rd1 Rf8 19. f4 b4 20. f5 Qc5 21.
Qe5 d3+ 22. Kh1 Qxc2 23. Rf1 d2 24. f6 gxf6 25. Qh5+ Kd8 26. Ne3 Qd3 27. Qf3
Bc5 28. Nd1 Qxf3 29. Rxf3 Re8 30. g3 Rxe4 31. Rf1 Re1 32. Kg2 Rxf1 33. Kxf1 Re7
34. Kg2 Re1 35. Kf3 Rxd1 36. Ke4 Re1+ 0-1

[Event "Michigan Amateur"]
[Site "Kalamazoo, MI"]
[Date "2001.07.29"]
[Round "5.19"]
[White "Poniatowski, Don"]
[Black "Kahn, Aaron"]
[Result "0-1"]
[WhiteElo "1241"]
[BlackElo "1317"]
[PlyCount "114"]
[EventDate "2001.07.28"]

1. e4 c5 2. c3 g6 3. d4 cxd4 4. cxd4 Bg7 5. Nc3 e6 6. Be3 Ne7 7. Nf3 O-O 8. Be2
Nbc6 9. O-O d5 10. exd5 Nxd5 11. Nxd5 exd5 12. Qd2 Re8 13. Rfe1 Qb6 14. h3 Bf5
15. Rac1 Rac8 16. a3 Na5 17. Rxc8 Rxc8 18. Rc1 Re8 19. Qb4 Qxb4 20. axb4 Nc6
21. b5 Nb4 22. Rc7 Nc2 23. Rxb7 Nxe3 24. fxe3 Rxe3 25. Kf2 Rb3 26. Rxa7 Rxb2
27. Ra3 Bd7 28. Ra8+ Bf8 29. Rb8 Kg7 30. Ke1 Bb4+ 31. Kf2 Bf5 32. Re8 Ba5 33.
Kf1 Bc7 34. Kf2 Bd3 35. Re7 Bd6 36. Re3 Bxb5 37. g3 Bxe2 38. Ne5 Bg4+ 39. Ke1
Bb4+ 40. Kf1 Bxh3+ 41. Kg1 Rg2+ 42. Kh1 f6 43. g4 fxe5 44. Rxh3 Rxg4 45. dxe5
h5 46. Rd3 d4 47. Rb3 Bc3 48. Rb7+ Kf8 49. e6 Re4 50. Rf7+ Ke8 51. Rf6 Ke7 52.
Rxg6 Rxe6 53. Rg3 Re3 54. Rg7+ Kf6 55. Ra7 Kg5 56. Rg7+ Kh4 57. Rg2 Rh3+ 0-1

[Event "Michigan Amateur"]
[Site "Kalamazoo, MI"]
[Date "2001.07.29"]
[Round "5.12"]
[White "Newhouse, Gregory"]
[Black "Spooner, Frank"]
[Result "0-1"]
[WhiteElo "1385"]
[BlackElo "1736"]
[PlyCount "116"]
[EventDate "2001.07.28"]

1. e4 c6 2. d4 d5 3. exd5 cxd5 4. c4 Nf6 5. Nc3 e6 6. Bg5 Bb4 7. Nf3 O-O 8. Bd3
dxc4 9. Bxc4 h6 10. Bh4 Nbd7 11. O-O Bxc3 12. bxc3 b6 13. Bb3 Qc7 14. Rc1 Bb7
15. c4 Rac8 16. Bg3 Qd8 17. Bd6 Re8 18. Re1 Ne4 19. Ba3 Qf6 20. Bb2 Qg6 21. d5
exd5 22. cxd5 Nec5 23. Bc2 Qg4 24. h3 Qh5 25. Qd4 Nf6 26. d6 Bxf3 27. gxf3 Qxf3
28. Ba4 Re4 29. Bc6 Rxd4 30. Bxf3 Rxd6 31. Be5 Rd2 32. Bxf6 gxf6 33. Ra1 Kg7
34. a4 Nd3 35. Rf1 Ne5 36. Bd1 a6 37. Bb3 b5 38. axb5 axb5 39. Rab1 b4 40. Bxf7
Kxf7 41. Rxb4 Kg6 42. Rb3 Nd3 43. Kg2 Rcc2 44. Kf3 Nxf2 45. Rxf2 Rxf2+ 46. Kg3
h5 47. Rb4 Kg5 48. h4+ Kg6 49. Rd4 Rg2+ 50. Kh3 Rge2 51. Rd3 f5 52. Rd6+ Kf7
53. Kg3 Rc3+ 54. Kf4 Re4+ 55. Kg5 f4 56. Rf6+ Ke7 57. Rxf4 Rxf4 58. Kxf4 Rc4+
0-1

[Event "Michigan Amateur"]
[Site "Kalamazoo, MI"]
[Date "2001.07.29"]
[Round "4.14"]
[White "Moore, Robert"]
[Black "Kahn, Aaron"]
[Result "1-0"]
[WhiteElo "1600"]
[BlackElo "1317"]
[PlyCount "53"]
[EventDate "2001.07.28"]

1. e4 e6 2. d4 d5 3. e5 c5 4. c3 Nc6 5. Nf3 Qb6 6. Be2 Nge7 7. O-O Nf5 8. Bd3
Nfe7 9. dxc5 Qxc5 10. Be3 Qa5 11. Nbd2 Qc7 12. Bf4 Ng6 13. Bxg6 hxg6 14. Re1
Bc5 15. Nb3 Bb6 16. Rc1 O-O 17. Nbd4 a6 18. Qd3 Qd7 19. Ng5 Bd8 20. Ndf3 b5 21.
Be3 Qc7 22. Bc5 Be7 23. Bxe7 Nxe7 24. Nd4 Bb7 25. Qh3 Rfe8 26. Qh7+ Kf8 27.
Ndxe6+ 1-0

[Event "Michigan Amateur"]
[Site "Kalamazoo, MI"]
[Date "2001.07.29"]
[Round "4.5"]
[White "LaForge, Tom"]
[Black "Dorrington, Eldon"]
[Result "1-0"]
[WhiteElo "1978"]
[BlackElo "1620"]
[PlyCount "75"]
[EventDate "2001.07.28"]

1. e4 c5 2. d3 Nc6 3. g3 d6 4. Bg2 Nf6 5. Ne2 Bd7 6. O-O Qc8 7. c3 e5 8. f4 Bh3
9. Nd2 Bxg2 10. Kxg2 Ng4 11. Nf3 Qd7 12. h3 Nf6 13. c4 O-O-O 14. a3 h6 15. b4
exf4 16. Bb2 fxg3 17. Nxg3 Be7 18. Qb3 Qe6 19. Rae1 Nd7 20. d4 Nxd4 21. Nxd4
cxd4 22. Bxd4 Kb8 23. Qe3 b6 24. Nf5 Bg5 25. Qg3 Be7 26. c5 Rdg8 27. cxd6 Bg5
28. h4 Bd2 29. Re2 Rc8 30. Rxd2 Qxe4+ 31. Qf3 Qxf3+ 32. Kxf3 f6 33. Nxg7 Ne5+
34. Bxe5 fxe5 35. Ke4 Rhg8 36. Rf7 Rc4+ 37. Kxe5 Rxh4 38. d7 1-0

[Event "Michigan Amateur"]
[Site "Kalamazoo, MI"]
[Date "2001.07.29"]
[Round "4.9"]
[White "Kizer, Gerald"]
[Black "Sheridan, Gregory"]
[Result "0-1"]
[WhiteElo "1524"]
[BlackElo "1872"]
[PlyCount "76"]
[EventDate "2001.07.28"]

1. e4 e5 2. Nf3 Nc6 3. d4 exd4 4. Nxd4 Nxd4 5. Qxd4 d6 6. Nc3 Be6 7. Be3 Nf6 8.
f3 Be7 9. Be2 O-O 10. O-O-O c5 11. Qd2 a6 12. g4 b5 13. g5 b4 14. Nd5 Nxd5 15.
exd5 Bf5 16. Bd3 Bxd3 17. Qxd3 Bxg5 18. Bxg5 Qxg5+ 19. Kb1 Qg6 20. Qd2 a5 21.
Rhg1 Qf6 22. Rg3 a4 23. Rdg1 g6 24. Qg5 Qg7 25. h4 a3 26. Qc1 axb2 27. Qxb2
Qxb2+ 28. Kxb2 Ra3 29. f4 Rxg3 30. Rxg3 Re8 31. f5 Re5 32. fxg6 hxg6 33. Rg5
Rxg5 34. hxg5 f6 35. gxf6 g5 36. Kc1 Kf7 37. Kd2 Kxf6 38. c4 Ke5 0-1

[Event "Michigan Amateur"]
[Site "Kalamazoo, MI"]
[Date "2001.07.29"]
[Round "4.20"]
[White "Hershberger, Kent"]
[Black "LaFerriere, Adam"]
[Result "0-1"]
[WhiteElo "1301"]
[BlackElo "1126"]
[Annotator "Jeff Aldrich"]
[PlyCount "40"]
[EventDate "2001.07.28"]

{Alekhine: Two Pawns (Karpov)} 1. e4 Nf6 2. e5 Nd5 3. c4 Nb6 4. d4 d6 5. exd6
cxd6 6. Nf3 Bg4 7. Bg5 Qc8 8. Nc3 Qe6+ 9. Be3 Na6 10. d5 Qf6 11. Bxb6 axb6 12.
Qa4+ Bd7 13. Qb3 Bg4 14. Qb5+ Bd7 15. Qxb6 Nc5 16. Rc1 g6 17. b4 $2 {Weakening
the whole queen-side. White already has the advantage. He just needs to get
castled.} Bh6 $1 18. Rc2 Bf5 $1 19. Nb5 $4 ({Ugly, but necessary was} 19. bxc5)
19... Qa1+ 20. Ke2 Bd3# 0-1

[Event "Michigan Amateur"]
[Site "Kalamazoo, MI"]
[Date "2001.07.29"]
[Round "4.1"]
[White "Hamood, Al"]
[Black "Skidmore, Mike"]
[Result "1-0"]
[WhiteElo "1864"]
[BlackElo "1811"]
[Annotator "Jeff Aldrich"]
[PlyCount "61"]
[EventDate "2001.07.28"]

{Caro-Kann: Classical} 1. e4 c6 2. d4 d5 3. Nc3 dxe4 4. Nxe4 Bf5 5. Ng3 Bg6 6.
Nf3 e6 7. h4 h6 8. h5 Bh7 9. Bd3 Bxd3 10. Qxd3 Nd7 11. Bf4 Ne7 {Too quiet.
knight belongs on f6 where it doesn't get in the way of the bishop. White's
next prevents from it's only good square on d5. Black never recovers.} 12. c4
Qb6 13. O-O O-O-O 14. Rab1 g5 15. Bd6 Ng6 $2 16. hxg6 Bxd6 17. c5 Nxc5 18. dxc5
Qxc5 19. Ne4 Qd5 20. Qxd5 exd5 21. Nxd6+ Rxd6 22. gxf7 Rf8 23. Ne5 d4 24. f4
gxf4 25. Rxf4 Re6 26. Rg4 Rf6 27. Rf1 Rxf1+ 28. Kxf1 Kd8 29. Rxd4+ Kc7 30. Rf4
Kd6 31. Ng6 1-0

[Event "Michigan Amateur"]
[Site "Kalamazoo, MI"]
[Date "2001.07.29"]
[Round "5.7"]
[White "Grzegorczyk, Ron"]
[Black "Vandivier, Don"]
[Result "0-1"]
[WhiteElo "1521"]
[BlackElo "1860"]
[PlyCount "66"]
[EventDate "2001.07.28"]

1. e4 c5 2. Nf3 Nc6 3. d4 cxd4 4. Nxd4 g6 5. c3 Bg7 6. Be3 d6 7. Be2 Nf6 8. Nd2
O-O 9. O-O d5 10. exd5 Nxd5 11. Nxc6 bxc6 12. Bg5 h6 13. Bh4 g5 14. Bg3 f5 15.
h3 f4 16. Bh2 Bf5 17. Nb3 a5 18. Nd4 Bd7 19. Bg4 e5 20. Bxd7 Qxd7 21. Nc2 Qf5
22. Rc1 Rab8 23. c4 Nf6 24. b3 Rbd8 25. Qf3 e4 26. Qc3 f3 27. Ne3 Qc8 28. Qxa5
fxg2 29. Kxg2 Nh5 30. Qc7 Qe6 31. Rcd1 Rxd1 32. Rxd1 Qf6 33. Ng4 Qf3+ 0-1

[Event "Michigan Amateur"]
[Site "Kalamazoo, MI"]
[Date "2001.07.29"]
[Round "5.3"]
[White "Griffin, John"]
[Black "LaForge, Tom"]
[Result "0-1"]
[WhiteElo "1592"]
[BlackElo "1978"]
[Annotator "Jeff Aldrich"]
[PlyCount "80"]
[EventDate "2001.07.28"]

{Dutch: Classical (Stonewall)} 1. d4 e6 2. c4 f5 3. g3 Nf6 4. Bg2 d5 5. Nf3 c6
6. b3 Bd6 7. O-O Qe7 8. a4 O-O 9. Ba3 $6 {This looks like a strange idea.
After an exchange, the piece that captures back will be out of play. The
knight belongs on either c3 or d2 and the rook doesn't belong on a3. Either
way, white will have to waste time to get the piece back into the game.} Bxa3
10. Rxa3 Ne4 11. c5 a5 12. Nfd2 b6 13. Nxe4 fxe4 14. Qc2 bxc5 15. Qxc5 Qxc5 16.
dxc5 {Black has traded off most of his developed pieces, but his strong pawn
center gives him complete control over the game. White's pawns are scattered
and weak. The remainder of his moves are only in reaction to what black does.}
Ba6 17. Ra2 Nd7 18. Rc1 Rab8 19. Rb2 Rb4 20. e3 Ne5 21. Rc3 Rfb8 22. Nd2 Rxa4
23. Bf1 Ra1 24. Kg2 Bxf1+ 25. Nxf1 a4 26. Nd2 Nd3 27. Rb1 Rxb1 28. Nxb1 Rxb3
29. Rxb3 axb3 30. f3 Nxc5 31. fxe4 Nxe4 32. Kf3 c5 33. Ke2 c4 34. Kd1 c3 35.
Kc1 e5 36. Na3 d4 37. exd4 exd4 38. Nc4 d3 39. Ne3 b2+ 40. Kb1 Nd2+ 0-1

[Event "Michigan Amateur"]
[Site "Kalamazoo, MI"]
[Date "2001.07.29"]
[Round "5.14"]
[White "Feller, Brad"]
[Black "Aldrich, Justin"]
[Result "0-1"]
[WhiteElo "1162"]
[BlackElo "1554"]
[PlyCount "50"]
[EventDate "2001.07.28"]

1. c4 e5 2. Nc3 Nf6 3. g3 Bc5 4. Bg2 O-O 5. e3 Re8 6. Nge2 c6 7. a3 d5 8. cxd5
cxd5 9. d4 exd4 10. Nxd4 Bxd4 11. Qxd4 Nc6 12. Qd1 d4 13. Ne2 dxe3 14. Bxe3 Bg4
15. Qc2 Qa5+ 16. Qc3 Qb5 17. Bf1 Qd5 18. Rg1 Rad8 19. h3 Bf3 20. Bg2 Bxg2 21.
Nf4 Qf3 22. Nxg2 Ne4 23. Qb3 Nxf2 24. Nh4 Rxe3+ 25. Kf1 Nxh3+ 0-1

[Event "Michigan Amateur"]
[Site "Kalamazoo, MI"]
[Date "2001.07.29"]
[Round "4.2"]
[White "Evans Sr., Thomas"]
[Black "Blaine, Roger"]
[Result "1/2-1/2"]
[WhiteElo "1847"]
[BlackElo "1743"]
[PlyCount "102"]
[EventDate "2001.07.28"]

1. e4 e6 2. Nf3 d5 3. exd5 exd5 4. d4 Bd6 5. Nc3 c6 6. Bd3 Nf6 7. Bg5 O-O 8.
Qd2 Bg4 9. O-O-O Nbd7 10. h3 Bh5 11. g4 Bg6 12. Bf5 Qc7 13. h4 h6 14. Be3 Bxf5
15. gxf5 Ng4 16. Rhg1 Nxe3 17. fxe3 Kh8 18. Qg2 Rg8 19. Kb1 Nf6 20. Rdf1 Rae8
21. Nd1 Ne4 22. Nd2 Qe7 23. Nxe4 Qxe4 24. Qf2 Be7 25. Rh1 Bf6 26. Rh3 Qg4 27.
Rh2 Qe4 28. Rh3 Qg4 29. Rfh1 Bd8 30. Nc3 Bc7 31. Rf3 Bd8 32. Rf4 Qh5 33. Ne2 f6
34. Rg1 Bc7 35. Rfg4 Re7 36. Nf4 Bxf4 37. Rxf4 Qe8 38. Rg3 Re4 39. Rfg4 Rxg4
40. Rxg4 Qh5 41. Rg1 Re8 42. Qg3 Qf7 43. Kc1 Qe7 44. Kd2 Qb4+ 45. Kc1 Qe7 46.
Kd1 Qf7 47. Kd2 Re4 48. h5 Qe7 49. c3 Kh7 50. b4 a6 51. a4 Qd7 1/2-1/2

[Event "Michigan Amateur"]
[Site "Kalamazoo, MI"]
[Date "2001.07.29"]
[Round "5.13"]
[White "Dorrington, Eldon"]
[Black "Biondo, Albert"]
[Result "0-1"]
[WhiteElo "1620"]
[BlackElo "1325"]
[PlyCount "200"]
[EventDate "2001.07.28"]

1. c4 c5 2. g3 Nc6 3. Bg2 g6 4. Nc3 Nf6 5. e3 Bg7 6. a3 d6 7. Nge2 Be6 8. d3 d5
9. cxd5 Nxd5 10. O-O Qd7 11. Nxd5 Bxd5 12. e4 Be6 13. Nf4 Bg4 14. Qc2 b6 15. h3
Nd4 16. Qc4 Bf3 17. Bxf3 Nxf3+ 18. Kg2 Ne5 19. Qc2 O-O 20. Rd1 Rad8 21. Be3 Qb5
22. Rac1 Rd7 23. d4 Nc4 24. dxc5 Rxd1 25. Rxd1 Nxe3+ 26. fxe3 Rc8 27. b4 Re8
28. Nd5 Qc6 29. Rc1 e6 30. b5 Qxc5 31. Qxc5 bxc5 32. Nc7 Rd8 33. a4 Rd3 34. Kf2
Bh6 35. Rxc5 Bxe3+ 36. Ke2 Ra3 37. Rc4 Bb6 38. Ne8 Rxg3 39. Nf6+ Kg7 40. Nd7
Rxh3 41. Nxb6 axb6 42. Kd2 Ra3 43. Kc2 h5 44. Kb2 Rd3 45. Kc2 Rd6 46. Rc6 Rd4
47. Kb3 h4 48. Rxb6 h3 49. Rc6 g5 50. b6 g4 51. b7 Rd1 52. Kc2 h2 53. b8=Q h1=Q
54. Qe5+ Kg6 55. Rc5 Rc1+ 56. Kb3 Rxc5 57. Qxc5 Qxe4 58. Qc2 Kf5 59. a5 g3 60.
a6 Qxc2+ 61. Kxc2 g2 62. a7 g1=Q 63. a8=Q Qf2+ 64. Kb1 Qe1+ 65. Kb2 Qd2+ 66.
Kb1 Qd1+ 67. Kb2 Qd2+ 68. Kb1 Qc3 69. Qg8 f6 70. Ka2 Qc4+ 71. Ka1 Qg4 72. Qh7+
Qg6 73. Qh3+ Qg4 74. Qd3+ Qe4 75. Qh3+ Ke5 76. Qh5+ Kd6 77. Qf7 Kc5 78. Qe7+
Kc4 79. Qc7+ Kb3 80. Qb6+ Kc4 81. Qb3+ Kd4 82. Qb6+ Kd3 83. Qb3+ Kd2 84. Qb2+
Kd1 85. Qxf6 Qc4 86. Qf3+ Kc1 87. Qe3+ Kc2 88. Qc1+ Kd3 89. Qf1+ Kd4 90. Qf6+
e5 91. Kb1 Qd3+ 92. Kc1 Qe3+ 93. Kd1 Qg1+ 94. Ke2 Qh2+ 95. Ke1 Ke3 96. Qg5+ Kd3
97. Qd8+ Ke3 98. Qg5+ Kf3 99. Qf5+ Qf4 100. Qe6 Qc1# 0-1

[Event "Michigan Amateur"]
[Site "Kalamazoo, MI"]
[Date "2001.07.29"]
[Round "5.9"]
[White "Croel, Duane"]
[Black "Carpenter, George"]
[Result "0-1"]
[WhiteElo "1642"]
[BlackElo "1400"]
[PlyCount "40"]
[EventDate "2001.07.28"]

1. d4 d5 2. c4 Nf6 3. cxd5 Nxd5 4. e4 Nf6 5. Nc3 e6 6. Bd3 Bb4 7. Be3 O-O 8. h3
Nbd7 9. Nf3 c5 10. e5 Nd5 11. Bxh7+ Kxh7 12. Ng5+ Kg8 13. Qh5 N7f6 14. exf6
Nxf6 15. Qh4 cxd4 16. Bxd4 e5 17. O-O exd4 18. Nce4 Bf5 19. Rad1 Nxe4 20. Nxe4
Qxh4 0-1

[Event "Michigan Amateur"]
[Site "Kalamazoo, MI"]
[Date "2001.07.29"]
[Round "4.6"]
[White "Croel, Duane"]
[Black "Aldrich, Jeff"]
[Result "1/2-1/2"]
[WhiteElo "1642"]
[BlackElo "1917"]
[PlyCount "67"]
[EventDate "2001.07.28"]

1. d4 d5 2. Nf3 Nf6 3. Bf4 e6 4. h3 Be7 5. e3 O-O 6. Nbd2 c5 7. c3 Nc6 8. Bd3
a6 9. Ne5 cxd4 10. exd4 Bd7 11. a4 Rc8 12. O-O Be8 13. Bh2 Nd7 14. f4 f6 15.
Nxd7 Qxd7 16. Qe2 Bd6 17. Nf3 Bf7 18. Qf2 Qc7 19. Qh4 g6 20. Rae1 Rce8 21. Re2
Kg7 22. g4 Bxf4 23. Bxf4 Qxf4 24. Ne5 Qg5 25. Qxg5 fxg5 26. Nxc6 bxc6 27. Bxa6
Ra8 28. Bb7 Rxa4 29. Bxc6 Ra7 30. Rff2 Rb8 31. b4 Ra3 32. Rc2 Be8 33. Bxe8 Rxe8
34. Ra2 1/2-1/2

[Event "Michigan Amateur"]
[Site "Kalamazoo, MI"]
[Date "2001.07.29"]
[Round "4.16"]
[White "Crismore, Jason"]
[Black "Wright, Eric"]
[Result "0-1"]
[WhiteElo "1157"]
[BlackElo "1459"]
[PlyCount "45"]
[EventDate "2001.07.28"]

1. d4 Nf6 2. c4 d6 3. Nc3 c6 4. e4 e5 5. dxe5 dxe5 6. Qxd8+ Kxd8 7. Nf3 Bd6 8.
Bg5 Ke7 9. Rd1 Bg4 10. Be2 Bxf3 11. Bxf3 Nbd7 12. O-O Bb4 13. Rd3 h6 14. Bxf6+
Nxf6 15. a3 Bxc3 16. Rxc3 Rhd8 17. g3 Rd2 18. b4 Rad8 19. c5 R8d3 20. Rfc1 Rd4
21. Re3 R4d3 22. Rc3 Rd4 23. a4 0-1

[Event "Michigan Amateur"]
[Site "Kalamazoo, MI"]
[Date "2001.07.29"]
[Round "4.3"]
[White "Councell, Keith"]
[Black "Semerciyan, Mike"]
[Result "0-1"]
[WhiteElo "1345"]
[BlackElo "1818"]
[PlyCount "106"]
[EventDate "2001.07.28"]

1. e4 e6 2. d4 d5 3. e5 c5 4. c3 Nc6 5. Bb5 Qb6 6. Bxc6+ bxc6 7. Nf3 Ba6 8. Ng5
cxd4 9. cxd4 c5 10. Nf3 Be7 11. Nc3 cxd4 12. Qa4+ Kf8 13. Qxd4 Bc5 14. Qf4
Bxf2+ 15. Kd1 h6 16. Na4 Qb5 17. Nc3 Qd3+ 18. Bd2 Bb6 19. Qb4+ Ne7 20. b3 Be3
21. Re1 Bxd2 22. Nxd2 Rc8 23. Rc1 Kg8 24. Qxe7 Rxc3 25. Qe8+ Kh7 26. Qxf7 Rxc1+
27. Kxc1 Rc8+ 28. Nc4 Bxc4 29. Qxe6 Ba6+ 30. Qxc8 Bxc8 31. e6 Qc3+ 32. Kd1 Qa1+
33. Kd2 Qxa2+ 34. Kc3 Qa5+ 35. Kd4 Qxe1 36. Kxd5 Qxe6+ 37. Kc5 Qxb3 38. Kc6
Qb6+ 39. Kd5 Bb7+ 40. Kc4 Bxg2 41. h3 Bxh3 42. Kd5 Bg2+ 43. Kc4 h5 44. Kd3 h4
45. Kc4 h3 46. Kd3 h2 47. Kc4 h1=Q 48. Kc3 Qh3+ 49. Kc4 Qbb3+ 50. Kc5 Qf5+ 51.
Kd6 Qfe6+ 52. Kc7 Qbc4+ 53. Kd8 Qcc8# 0-1

[Event "Michigan Amateur"]
[Site "Kalamazoo, MI"]
[Date "2001.07.29"]
[Round "4.13"]
[White "Choate, Eric"]
[Black "Smith, Les L"]
[Result "1-0"]
[WhiteElo "1296"]
[BlackElo "1803"]
[PlyCount "83"]
[EventDate "2001.07.28"]

1. e4 c5 2. Nf3 Nc6 3. Bb5 a6 4. Bxc6 bxc6 5. b3 d6 6. Bb2 e5 7. O-O Be7 8. d3
f5 9. exf5 Bxf5 10. Re1 Nf6 11. Nbd2 O-O 12. Ne4 Nxe4 13. dxe4 Bg4 14. Re3 Qe8
15. Qe2 Qg6 16. Kh1 Kh8 17. h3 Be6 18. Rf1 Rf7 19. Nh2 Raf8 20. Rf3 Rxf3 21.
Nxf3 Qh5 22. Ng1 Qh4 23. f3 Qg3 24. Bc1 a5 25. Qa6 Rf6 26. Be3 Rg6 27. Rf2 h6
28. Qxa5 d5 29. Bxc5 Bxc5 30. Qxc5 d4 31. Re2 Kh7 32. a4 d3 33. cxd3 Bxb3 34.
a5 Bd1 35. Rd2 Qe1 36. Qf2 Qxf2 37. Rxf2 c5 38. Ra2 Ra6 39. Kh2 Kg6 40. Kg3 Bb3
41. Ra3 Bc2 42. Kf2 1-0

[Event "Michigan Amateur"]
[Site "Kalamazoo, MI"]
[Date "2001.07.29"]
[Round "5.10"]
[White "Choate, Eric"]
[Black "Moore, Robert"]
[Result "0-1"]
[WhiteElo "1296"]
[BlackElo "1600"]
[PlyCount "72"]
[EventDate "2001.07.28"]

1. e4 c5 2. Nf3 d6 3. Bb5+ Bd7 4. Bxd7+ Nxd7 5. b3 Ngf6 6. Nc3 e6 7. Bb2 Be7 8.
O-O O-O 9. Re1 a6 10. e5 dxe5 11. Nxe5 Nxe5 12. Rxe5 Bd6 13. Re3 Qc7 14. h3
Rad8 15. Ne4 Nxe4 16. Rxe4 Qd7 17. Qg4 f5 18. Qxg7+ Qxg7 19. Bxg7 fxe4 20. Bxf8
Bxf8 21. Rd1 Bh6 22. d3 Kf7 23. Kf1 Kf6 24. Ke2 exd3+ 25. cxd3 Rd4 26. f3 e5
27. Kf2 b5 28. Ke2 a5 29. Rb1 Rd8 30. g4 Bf4 31. h4 Ke6 32. Rg1 c4 33. bxc4
bxc4 34. dxc4 Rd2+ 35. Kf1 Rxa2 36. c5 Ra1+ 0-1

[Event "Michigan Amateur"]
[Site "Kalamazoo, MI"]
[Date "2001.07.29"]
[Round "4.15"]
[White "Carpenter, George"]
[Black "Poniatowski, Don"]
[Result "1-0"]
[WhiteElo "1400"]
[BlackElo "1241"]
[PlyCount "59"]
[EventDate "2001.07.28"]

1. Nf3 Nf6 2. g3 d5 3. Bg2 Nc6 4. O-O e5 5. d3 h6 6. Nbd2 Be6 7. c3 Bd6 8. Qc2
O-O 9. Re1 Qd7 10. e4 dxe4 11. Nxe4 Nxe4 12. Rxe4 Be7 13. Nxe5 Nxe5 14. Rxe5
Bf6 15. Re1 c6 16. Be3 Bf5 17. Rad1 Rfe8 18. Qd2 Re6 19. d4 Be4 20. Bh3 Bf3 21.
Ra1 Qd5 22. Rf1 g5 23. c4 Qe4 24. Rac1 Qg6 25. Bg2 Bxg2 26. Kxg2 Rae8 27. b3 h5
28. f4 Qe4+ 29. Kg1 Qg6 30. Qe2 1-0

[Event "Universal Rated Swiss (July)"]
[Site "Warren, Mich."]
[Date "2001.07.29"]
[Round "4"]
[White "Bury, Ernest"]
[Black "Moody, David"]
[Result "0-1"]
[WhiteElo "1620"]
[BlackElo "1978"]
[PlyCount "100"]
[EventDate "2001.07.28"]

1. e4 e5 2. Nf3 Nc6 3. Bb5 a6 4. Ba4 Nf6 5. O-O Be7 6. Re1 b5 7. Bb3 O-O 8. c3
d5 9. exd5 Nxd5 10. Nxe5 Nxe5 11. Rxe5 c6 12. g3 Bd6 13. Re1 Qd7 14. Qf3 Qh3
15. Qg2 Qh5 16. Bd1 Bg4 17. Bxg4 Qxg4 18. d4 Rae8 19. Be3 f5 20. Nd2 Re6 21. f3
Qh5 22. Bf2 Rh6 23. Be3 f4 24. Bf2 fxg3 25. hxg3 Rhf6 26. Ne4 Rxf3 27. Nxd6
Rxf2 28. Qxf2 Rxf2 29. Kxf2 Nf6 30. Ke3 Qd5 31. Nxb5 axb5 32. Kd2 Qg5+ 33. Kc2
Qxg3 34. Re2 Qg6+ 35. Kb3 Qf7+ 36. Kc2 Qc4 37. Kd2 b4 38. Rc1 Qxa2 39. Ke1 Qd5
40. cxb4 Qxd4 41. Rd1 Qh4+ 42. Kd2 Qxb4+ 43. Kc1 h5 44. Rde1 h4 45. Re7 h3 46.
R7e3 h2 47. Kb1 Qh4 48. Rh1 Ng4 49. Re4 Qh7 50. Rhe1 Qxe4+ 0-1

[Event "Michigan Amateur"]
[Site "Kalamazoo, MI"]
[Date "2001.07.29"]
[Round "5.1"]
[White "Blaine, Roger"]
[Black "Hamood, Al"]
[Result "0-1"]
[WhiteElo "1743"]
[BlackElo "1864"]
[Annotator "Jeff Aldrich"]
[PlyCount "98"]
[EventDate "2001.07.28"]

{Bird: Dutch} 1. f4 d5 2. Nf3 Nf6 3. e3 g6 4. b3 c5 5. Bb5+ Bd7 6. Qe2 Bg7 7.
Bb2 O-O 8. O-O Bg4 9. h3 Bxf3 10. Qxf3 Ne4 11. Bxg7 Kxg7 12. Be2 e6 13. d3 $2 {
Dropping a pawn.} Qf6 14. c3 Nxc3 15. Nxc3 Qxc3 16. Rfc1 Qa5 17. e4 $6 {Giving
the knight a permanent home on d4.} Nc6 18. Qf2 Nd4 19. exd5 exd5 20. Bf3 Rfe8
21. Kh2 Rad8 22. Qb2 Kg8 23. Qf2 b6 24. g4 $2 {Opening things up. For the
remainder of the games, black takes one advantage and converts it into another
until white cannot catch up.} Nxf3+ 25. Qxf3 Qd2+ 26. Kg1 d4 27. Rd1 Qe3+ 28.
Kg2 Qxf3+ 29. Kxf3 Re3+ 30. Kg2 Rde8 31. a4 a5 32. Ra2 Re2+ 33. Rxe2 Rxe2+ 34.
Kf3 Rb2 35. Ke4 Rxb3 36. f5 f6 37. Kd5 Kf7 38. Kd6 g5 39. Re1 Rxd3 40. Re7+ Kf8
41. Rxh7 Re3 42. h4 d3 43. Rh6 Kg7 44. hxg5 fxg5 45. Rg6+ Kf7 46. Rh6 d2 47.
Rh7+ Kg8 48. Rh5 d1=Q+ 49. Kc7 Re7+ 0-1